Let's go to the Aquarium / (Record no. 7282)

MARC details
000 -LEADER
fixed length control field 00865nam a22002777a 4500
001 - CONTROL NUMBER
control field 7282
003 - CONTROL NUMBER IDENTIFIER
control field FISKH
005 - DATE AND TIME OF LATEST TRANSACTION
control field 20250828151839.0
008 - FIXED-LENGTH DATA ELEMENTS--GENERAL INFORMATION
fixed length control field 250708b cb ||||| |||| 00| 0 eng d
040 ## - CATALOGING SOURCE
Original cataloging agency FISKH
Language of cataloging eng
Transcribing agency FISKH
Modifying agency FISKH
050 ## - LIBRARY OF CONGRESS CALL NUMBER
Classification number QL78.F59
082 ## - DEWEY DECIMAL CLASSIFICATION NUMBER
Classification number 597.07
100 ## - MAIN ENTRY--PERSONAL NAME
Personal name Foley, Cate
245 ## - TITLE STATEMENT
Title Let's go to the Aquarium /
Statement of responsibility, etc. by Cate Foley
250 ## - EDITION STATEMENT
Edition statement First Scholastic printing, September 2002
260 ## - PUBLICATION, DISTRIBUTION, ETC.
Place of publication, distribution, etc. New York :
Name of publisher, distributor, etc. Scholastic,
Date of publication, distribution, etc. 2001
300 ## - PHYSICAL DESCRIPTION
Extent 24 pages :
Other physical details color illustrations ;
Dimensions 16 cm
490 ## - SERIES STATEMENT
Series statement Welcome Books:
Volume/sequential designation Weekend Fun
505 ## - FORMATTED CONTENTS NOTE
Formatted contents note E<br/>
520 ## - SUMMARY, ETC.
Summary, etc. Simple text and photos introduce some of the animals one can see at a marine aquarium.
521 8# - TARGET AUDIENCE NOTE
Target audience note 270<br/>
Source Lexile <br/>
521 8# - TARGET AUDIENCE NOTE
Target audience note E<br/>
Source Raz-Plus<br/>
650 ## - SUBJECT ADDED ENTRY--TOPICAL TERM
Topical term or geographic name entry element America the Beautiful
Form subdivision Aquarium
General subdivision Science
Chronological subdivision Sea Creatures
942 ## - ADDED ENTRY ELEMENTS (KOHA)
Source of classification or shelving scheme Dewey Decimal Classification
Koha item type Books
Suppress in OPAC No
Holdings
Withdrawn status Lost status Source of classification or shelving scheme Damaged status Not for loan Collection Home library Current library Shelving location Date acquired Total Checkouts Full call number Barcode Date last seen Copy number Price effective from Koha item type
    Dewey Decimal Classification     Non-Fiction Footprints International School Library Network Toul Kork Campus Footprints International School Library Network Toul Kork Campus TK Primary Library Room(4th Floor), Bookcase 7, Shelves 57-60, Dark Green Books 07/08/2025   FOL 597.07 QL78.F59 FISBK05524 07/08/2025 1 07/08/2025 Books
    Dewey Decimal Classification     Non-Fiction Footprints International School Library Network Toul Tom Poung Campus Footprints International School Library Network Toul Tom Poung Campus TTP Primary Green Bookshelves 08/28/2025   FOL 597.07 QL78.F59 FISTK01740 08/28/2025 2 08/28/2025 Books